00766nam a2200193 a 450000100100000000500170001000800410002702000180006804000250008608200150011110000330012624500670015926000550022630000200028159000280030195201130032995201130044299900170055500004848820201002061205.0190325s2015 dr r 000 spa d a9789945484151 aDO-SdBNPbspacBNPHU axxxbA696s aArias, Miguel Ángel970794 0aSabiduría para adquirir abundancia. /cMiguel Ángel Arias. aSanto Domingo :bGrupo Editorial Montaño,c2015. a97 p. ;c17 cm. aInventariado, 2019 / DG 0010718PDaPDbPDcHDd2019-03-25iLF1l0oxxx A696sp48488-10r2020-06-25w2020-06-25yLFPDZNo se presta 0010718PDaPDbPDcHDd2019-03-25iLF1l0oxxx A696sp48488-20r2020-06-25w2020-06-25yLFPDZNo se presta c47976d47976